000 01101nam a22002297a 4500
999 _c6510
_d6510
003 OSt
005 20200213094309.0
008 200213s2012 sp ||||r|||| 001 0 spa d
020 _a9788415504665
040 _aCO-JMCR
_cCO-JMCR
082 0 4 _a658.1 /
_bA487a
100 _aAmat, Oriol,
_eautor
_9541
245 _aAnálisis de balances :
_bclaves para elaborar un análisis de las cuentas anuales : Con casos prácticos resueltos
260 _a[España] :
_bProfit,
_c2012
300 _a124 páginas :
_bilustraciones a blanco y negro ;
_c21 cm.
490 _aColección: MBA práctico
504 _aBibliografía páginas 123-124.
505 _aIntroducción y análisis cualitativo de la empresa -- Cuentas anuales e informe de auditoria -- Estados contables previsionales --Análisis patrimonial y financiero -- Análisis de la capacidad para generar beneficios, valor y crecimiento -- Formulación del diagnóstico, recomendaciones y justificación de las medidas propuestas
650 1 4 _aEmpresas comerciales
_xFinanzas
_9542
650 1 4 _aCorporaciones
_xFinanzas
_9543
942 _2ddc
_cBK